Población y mano de obra de Chile 1930-1975.

I tiakina i:
Ngā taipitopito rārangi puna kōrero
Kaituhi matua: Sadie, Johannes L. (autor)
Hōputu: Pukapuka
Reo:Pāniora
Rangatū:(CELADE ; a. 5)
Ngā marau:
Ngā Tūtohu: Tāpirihia he Tūtohu
Kāore He Tūtohu, Me noho koe te mea tuatahi ki te tūtohu i tēnei pūkete!

MARC

LEADER 00000cam^a2200000uu^4500
001 000487223
005 20250521000000.0
008 033009s1964^^^^^^^^^^^^rd^r^^000^0^spa^d
009 20260310125238.826
035 |a FCE 000030388 
035 |a FCE 034075 
037 |a Acervo ITESO - Biblioteca 
041 |a spa 
082 0 4 |a 312.9  |b UNIp 
100 |a Sadie, Johannes L.  |e (autor) 
245 1 0 |a Población y mano de obra de Chile 1930-1975. 
264 |a Santiago de Chile :  |b Universidad de Chile : CELADE,  |c 1964. 
300 |a 54 p. 
336 |a texto  |b txt  |2 rdacontenido 
337 |a sin mediación  |b n  |2 rdamedio 
338 |a volumen  |b nc  |2 rdasoporte 
440 0 |a (CELADE ;  |v a. 5) 
649 |a XX 
650 |a Población 
650 |a Historia 
650 |a Estadística 
650 |a Mano de obra 
650 |a Proyección 
650 |a Chile 
910 |a Fondo Centro de Estudios Educativos 
920 |a Impresos - Libros 
930 |a Fondos Especiales 
905 |a 133 
901 |a ALE034075  |b IT2  |c CEE  |u 20250521 
902 |a https://opac.biblio.iteso.mx/vufind/Record/000487223